Gastronomie Lyonnaise - Statistiques

Statistiques générales
  • Ce quiz a été pris 368 fois
  • Le résultat moyen est 7 sur 12
Statistiques - réponses
Par images Réponse % Correct
Tacos
90%
Quenelle
89%
Bugne
76%
Saucisson brioché
76%
Salade lyonnaise
58%
Tarte à la praline
53%
Beaujolais
48%
Saint-marcellin
46%
Cervelle de canut
42%
Graton
34%
Tablier de sapeur
23%
Coussin lyonnais
17%
Aucun quiz correspondant
Distribution des résultats
% des personnes avec chaque résultat
Percentile par nombre de réponses
Votre historique - résultats
Vous n’avez pas pris ce quiz